Devinez la langue ! - Statistiques

Statistiques générales
  • Ce quiz a été pris 260 fois
  • Le résultat moyen est 9 sur 16
Statistiques - réponses
Par images Réponse % Correct
Allemand
97%
Arabe
91%
Coréen
91%
Italien
91%
Russe
86%
Portugais
85%
Japonais
81%
Suédois
57%
Polonais
53%
Hindi
43%
Vietnamien
35%
Thaïlandais
34%
Norvégien
27%
Islandais
26%
Cantonais
24%
Afrikaans
3%
Aucun quiz correspondant
Distribution des résultats
% des personnes avec chaque résultat
Percentile par nombre de réponses
Votre historique - résultats
Vous n’avez pas pris ce quiz